=LDR 00000nam 2200000 4500 =001 INLIS000000000028008 =005 20130612130336 =008 ***********************************Ind** =035 ##$$0010-061300000028008 =041 ##$$a Ind =082 ##$$a 2X7.309 598 06 =090 ##$$a 2X7.309 598 06, Nat m =100 ##$$a Nata, Abuddin =245 ##$$a Manajemen Pendidikan, Mengatasi kelemahan Pendidikan Islam di Indonesia, H. Aduddin Nata =260 ##$$a 2007 $b Jakarta =300 ##$$a ix, 308 hlm, 23 cm =650 ##$$a Pendidikan Islam - Indonesia =850 ##$$a NBPNMAT